<?xml version="1.0" encoding="UTF-8"?>
<record
    xmlns:xsi="http://www.w3.org/2001/XMLSchema-instance"
    xsi:schemaLocation="http://www.loc.gov/MARC21/slim http://www.loc.gov/standards/marcxml/schema/MARC21slim.xsd"
    xmlns="http://www.loc.gov/MARC21/slim">

  <leader>01452nam0a22002771  4500</leader>
  <controlfield tag="001">rc\2362174</controlfield>
  <controlfield tag="005">20260408002839.0</controlfield>
  <datafield tag="035" ind1=" " ind2=" ">
    <subfield code="a">(NLR Aleph) 006685412</subfield>
  </datafield>
  <datafield tag="090" ind1=" " ind2=" ">
    <subfield code="a">5111056</subfield>
    <subfield code="c">5111056</subfield>
  </datafield>
  <datafield tag="100" ind1=" " ind2=" ">
    <subfield code="a">20110829d1977    |||y0rusy50      ca</subfield>
  </datafield>
  <datafield tag="101" ind1="0" ind2=" ">
    <subfield code="a">rus</subfield>
  </datafield>
  <datafield tag="102" ind1=" " ind2=" ">
    <subfield code="a">RU</subfield>
  </datafield>
  <datafield tag="105" ind1=" " ind2=" ">
    <subfield code="a">a   z   |||||</subfield>
  </datafield>
  <datafield tag="200" ind1="1" ind2=" ">
    <subfield code="a">&#x422;&#x435;&#x437;&#x438;&#x441;&#x44B; &#x434;&#x43E;&#x43A;&#x43B;&#x430;&#x434;&#x43E;&#x432; &#x43A; &#x441;&#x435;&#x43C;&#x438;&#x43D;&#x430;&#x440;&#x443; "&#x41E; &#x43D;&#x43E;&#x432;&#x44B;&#x445; &#x438; &#x43F;&#x435;&#x440;&#x435;&#x434;&#x43E;&#x432;&#x44B;&#x445; &#x43C;&#x435;&#x442;&#x43E;&#x434;&#x430;&#x445; &#x431;&#x43E;&#x440;&#x44C;&#x431;&#x44B; &#x441; &#x431;&#x43E;&#x43B;&#x435;&#x437;&#x43D;&#x44F;&#x43C;&#x438; &#x440;&#x44B;&#x431; &#x432; &#x440;&#x44B;&#x431;&#x43E;&#x432;&#x43E;&#x434;&#x43D;&#x44B;&#x445; &#x445;&#x43E;&#x437;&#x44F;&#x439;&#x441;&#x442;&#x432;&#x430;&#x445; &#x41C;&#x438;&#x43D;&#x440;&#x44B;&#x431;&#x445;&#x43E;&#x437;&#x430; &#x421;&#x421;&#x421;&#x420;" (&#x41C;&#x43E;&#x441;&#x43A;&#x432;&#x430;, 23-27 &#x43E;&#x43A;&#x442;&#x44F;&#x431;&#x440;&#x44F; 1977 &#x433;.)</subfield>
  </datafield>
  <datafield tag="210" ind1=" " ind2=" ">
    <subfield code="a">&#x41C;&#x43E;&#x441;&#x43A;&#x432;&#x430;</subfield>
    <subfield code="c">&#x411;. &#x438;.</subfield>
    <subfield code="d">1977</subfield>
  </datafield>
  <datafield tag="215" ind1=" " ind2=" ">
    <subfield code="a">96 &#x441;.</subfield>
    <subfield code="c">&#x438;&#x43B;.</subfield>
    <subfield code="d">20</subfield>
  </datafield>
  <datafield tag="300" ind1=" " ind2=" ">
    <subfield code="a">&#x412; &#x43D;&#x430;&#x434;&#x437;&#x430;&#x433;.: &#x41C;-&#x432;&#x43E; &#x440;&#x44B;&#x431;&#x43D;&#x43E;&#x433;&#x43E; &#x445;&#x43E;&#x437;-&#x432;&#x430; &#x421;&#x421;&#x421;&#x420;, &#x426;&#x435;&#x43D;&#x442;&#x440;. &#x43D;&#x430;&#x443;&#x447;.-&#x438;&#x441;&#x441;&#x43B;&#x435;&#x434;. &#x438;&#x43D;-&#x442; &#x438;&#x43D;&#x444;&#x43E;&#x440;&#x43C;&#x430;&#x446;&#x438;&#x438; &#x438; &#x442;&#x435;&#x445;&#x43D;.-&#x44D;&#x43A;&#x43E;&#x43D;. &#x438;&#x441;&#x441;&#x43B;&#x435;&#x434;&#x43E;&#x432;&#x430;&#x43D;&#x438;&#x439; &#x440;&#x44B;&#x431;&#x43D;&#x43E;&#x433;&#x43E; &#x445;&#x43E;&#x437;-&#x432;&#x430;, &#x426;&#x435;&#x43D;&#x442;&#x440;. &#x438;&#x445;&#x442;&#x438;&#x43E;&#x43F;&#x430;&#x442;&#x43E;&#x43B;. &#x438;&#x43D;&#x441;&#x43F;&#x435;&#x43A;&#x446;&#x438;&#x44F;</subfield>
  </datafield>
  <datafield tag="606" ind1=" " ind2=" ">
    <subfield code="a">&#x420;&#x44B;&#x431;&#x44B;</subfield>
    <subfield code="j">&#x422;&#x435;&#x437;&#x438;&#x441;&#x44B; &#x434;&#x43E;&#x43A;&#x43B;&#x430;&#x434;&#x43E;&#x432;</subfield>
    <subfield code="x">&#x411;&#x43E;&#x43B;&#x435;&#x437;&#x43D;&#x438;</subfield>
    <subfield code="2">rkp</subfield>
  </datafield>
  <datafield tag="710" ind1="1" ind2="2">
    <subfield code="a">"&#x41E; &#x43D;&#x43E;&#x432;&#x44B;&#x445; &#x438; &#x43F;&#x435;&#x440;&#x435;&#x434;&#x43E;&#x432;&#x44B;&#x445; &#x43C;&#x435;&#x442;&#x43E;&#x434;&#x430;&#x445; &#x431;&#x43E;&#x440;&#x44C;&#x431;&#x44B; &#x441; &#x431;&#x43E;&#x43B;&#x435;&#x437;&#x43D;&#x44F;&#x43C;&#x438; &#x440;&#x44B;&#x431; &#x432; &#x440;&#x44B;&#x431;&#x43E;&#x432;&#x43E;&#x434;&#x43D;&#x44B;&#x445; &#x445;&#x43E;&#x437;&#x44F;&#x439;&#x441;&#x442;&#x432;&#x430;&#x445; &#x41C;&#x438;&#x43D;&#x440;&#x44B;&#x431;&#x445;&#x43E;&#x437;&#x430; &#x421;&#x421;&#x421;&#x420;", &#x441;&#x435;&#x43C;&#x438;&#x43D;&#x430;&#x440;</subfield>
    <subfield code="f">1977</subfield>
    <subfield code="e">&#x41C;&#x43E;&#x441;&#x43A;&#x432;&#x430;</subfield>
    <subfield code="3">RU\NLR\AUTH\8810167318</subfield>
    <subfield code="9">830492</subfield>
  </datafield>
  <datafield tag="801" ind1=" " ind2="0">
    <subfield code="a">RU</subfield>
    <subfield code="b">NLR</subfield>
    <subfield code="g">psbo</subfield>
  </datafield>
  <datafield tag="801" ind1=" " ind2="1">
    <subfield code="a">RU</subfield>
    <subfield code="b">ELAR</subfield>
    <subfield code="2">rusmarc</subfield>
  </datafield>
  <datafield tag="852" ind1=" " ind2=" ">
    <subfield code="a">NLR</subfield>
    <subfield code="j">77-4/26334</subfield>
  </datafield>
  <datafield tag="899" ind1=" " ind2=" ">
    <subfield code="a">RuMoRGB</subfield>
    <subfield code="j">&#x411; 77-27/1050</subfield>
  </datafield>
  <datafield tag="899" ind1=" " ind2=" ">
    <subfield code="a">RuMoRGB</subfield>
    <subfield code="j">&#x411; 77-27/1051</subfield>
  </datafield>
  <datafield tag="942" ind1=" " ind2=" ">
    <subfield code="c">BOOK</subfield>
  </datafield>
  <datafield tag="980" ind1=" " ind2=" ">
    <subfield code="a">NB</subfield>
  </datafield>
  <datafield tag="995" ind1=" " ind2=" ">
    <subfield code="5">2013-10-26</subfield>
    <subfield code="b">NLR01</subfield>
    <subfield code="c">NLR01</subfield>
    <subfield code="e">RF91</subfield>
    <subfield code="f">6685412-20</subfield>
    <subfield code="k">77-4/26334</subfield>
    <subfield code="o">0</subfield>
    <subfield code="r">BOOK</subfield>
    <subfield code="s">77426334_</subfield>
  </datafield>
</record>
